000 01209nmm a2200361 a 4500
003 AR-BaBNM
005 20251128205242.0
008 011101s1993 ||||||||||||||000 | spa||
020 _a950-99882-3-5
040 _cAR-BaBNM
100 1 _aZanotti, Luis Jorge
245 1 0 _aLuis Jorge Zanotti
_bsu obra fundamental. 1
250 _a1ª ed.
260 _aBuenos Aires
_bInstituto de Investigaciones Educativas
_c1993
300 0 _a735 p.
_bil.
500 0 _aEn estas obras no se publicaron artículos que antes o después formaron parte de un trabajo mayor
504 _aContiene referencias bibliográficas en notas a pie de página
650 4 _aTEORIAS DE LA EDUCACION
650 4 _aHISTORIA DE LA EDUCACION
650 4 _aESTADO Y EDUCACION
650 4 _aORGANIZACION DE LA EDUCACION
650 4 _aFUTURO DE LA EDUCACION
650 4 _aPOLITICA EDUCATIVA
650 4 _aFINALIDADES DE LA EDUCACION
650 4 _aOBJETIVOS EDUCACIONALES
651 4 _aArgentina
653 0 _aSISTEMA EDUCATIVO
653 0 _aEDUCACION SECUNDARIA
700 1 _aZanotti, Gabriel J.
_eprologuista
700 1 _aZanotti, Pablo M.
_eprologuista
700 1 _aDe Titto, Raúl E.
_eprologuista
942 _cBK
999 _c10601
_d10601